ბათუმის შოთა რუსთაველის სახელმწიფო უნივერსიტეტის ბიბლიოთეკა

Почвоведение:земледелие с основами почвоведения (ბიბ.ჩანაწერი № 46295)

000 -LEADER
fixed length control field 00710nam a2200229Ia 4500
001 - CONTROL NUMBER
control field 13131
003 - CONTROL NUMBER IDENTIFIER
control field GE_BSU
008 - FIXED-LENGTH DATA ELEMENTS--GENERAL INFORMATION
fixed length control field 181216s||||||||xx |||||||||||||| ||und||
040 ## - CATALOGING SOURCE
Transcribing agency GE_BSU
080 ## - UNIVERSAL DECIMAL CLASSIFICATION NUMBER
Universal Decimal Classification number 631.4
100 ## - MAIN ENTRY--PERSONAL NAME
Personal name Вильямс,В.Р.
245 ## - TITLE STATEMENT
Title Почвоведение:земледелие с основами почвоведения
245 ## - TITLE STATEMENT
Statement of responsibility, etc. Ред.М.Г.Аваев и С.А.Жёлтиков
250 ## - EDITION STATEMENT
Edition statement 5-е
260 ## - PUBLICATION, DISTRIBUTION, ETC.
Place of publication, distribution, etc. Москва
260 ## - PUBLICATION, DISTRIBUTION, ETC.
Name of publisher, distributor, etc. Огиз-сельхозгиз
260 ## - PUBLICATION, DISTRIBUTION, ETC.
Date of publication, distribution, etc. 1947
300 ## - PHYSICAL DESCRIPTION
Extent 456стр.фото.илл.27см.
653 ## - INDEX TERM--UNCONTROLLED
Uncontrolled term земледелие с основами почвоведения
653 ## - INDEX TERM--UNCONTROLLED
Uncontrolled term Почвоведение
942 ## - ADDED ENTRY ELEMENTS (KOHA)
Koha item type წიგნი
ეგზემპლარები
Withdrawn status Lost status Damaged status Not for loan Date acquired Barcode Date last seen Price effective from Koha item type
        2018-12-17 21042 2018-12-17 2018-12-17 წიგნი